|
|
|
|
| LEADER |
01111na a2200313 4500 |
| 001 |
000031324 |
| 003 |
5964 |
| 005 |
20230309142833.0 |
| 008 |
151001s2013 000 eng |
| 040 |
|
|
|a LNN
|
| 041 |
|
|
|a eng
|
| 082 |
|
|
|a 420.492803
|b HO-D
|
| 100 |
|
|
|a Hoàng Thị Dung
|
| 245 |
|
0 |
|a Shakespeare's Tragic Art Via " Hamlet - Prince of Denmark" /
|c Hoàng Thị Dung.
|
| 260 |
|
|
|c 2013.
|
| 300 |
|
|
|a 70tr. : mh ; 30cm.
|
| 650 |
|
|
|a Hoàng Thị Dung, 2013, Tragic, Shakespeare's, Hamlet , Prince Denmark"
|
| 852 |
|
|
|b P.Doc
|c Luận văn sinh viên
|
| OWN |
|
|
|a LNN
|
| AVA |
|
|
|a UDN50
|b LNN
|c English
|d 420.492803 HO-D
|e available
|t Error 5001 Not defined in file expand_doc_bib_avail.
|f 1
|g 0
|h N
|i 0
|j AN
|k 1
|
| 999 |
|
|
|a From the UDN01
|
| AVA |
|
|
|a UDN50
|b LNN
|c English
|d 420.492803 HO-D
|e available
|t Error 5001 Not defined in file expand_doc_bib_avail.
|f 1
|g 0
|h N
|i 0
|j AN
|k 1
|
| TYP |
|
|
|a Printed language
|
| 980 |
|
|
|a Mạng thư viện Đại học Đà Nẵng
|